• 首页
  • 本馆介绍
  • 公告通知
  • 最新文献
  • 馆藏检索
  • 电子资源
  • 读者导购
  • 参考咨询
  • 我的图书馆
  • 登录
  • 详细信息显示
  • 放入我的书架
  • 预约/预借图书
  • 作者相关作品
  • 分类相关作品
  • 丛书相关作品
  • 出版社相关作品

书目信息

  • 表格格式
  • 工作单格式
  • 卡片格式
书名: Essential clinical anatomy
作者: Keith L. Moore, Anne M.R. Agur.
分册号:
分册名:
出版地: Baltimore :
 
出版社: Williams & Wilkins
出版时间: c1995.
页数: 510 p. :
开本: 26 cm.
丛书名:
中图分类号:
科图分类号:
其他分类号: R324
主题词:
电子资源:
000 01472cam a2200361 a 450
001 E0735159829
005 20070426094727.45
008 940906s1995 a b 001 0 eng c
010    @a94036235
020    @a0683061283.
035    @A(DLC) 94036235
040    @aDNLM/DLC@cDLC@dDLC
050 00 @aQM23.2@b.M673 1996
060 10 @aQS 39 M822e 1995
082 00 @a611@2 20
090    @aR324
099    @dR324@ex21
100 1  @aMoore, Keith L.
245 10 @aEssential clinical anatomy / @cKeith L. Moore, Anne M.R. Agur.
260    @aBaltimore :@bWilliams & Wilkins,@cc1995.
300    @a510 p. :@bill. (some col.) ;@c26 cm.
500    @aCompilation of material extracted from Clinically oriented anatomy / Keith L. Moore. 3rd ed. and Grant’s atlas of anatomy / Anne M.R. Agur. 9th ed.
504    @aIncludes bibliographical references and index.
650  0 @aHuman anatomy.
650 12 @aAnatomy@xhandbooks.
650  0 @aHuman anatomy@xAtlases.
700 1  @aAgur, A. M. R.
700 1  @aMoore, Keith L.@tClinically oriented anatomy.
700 1  @aAgur, A. M. R.@tGrant’s atlas of anatomy.
906    @a7@bcbc@corignew@d1@eocip@f19@gy-gencatlg
952    @aAnother ed. (not in LC) has c1995 and numbered ix prel. pages. ta06 09-21-98
955    @apc16 to nlm 09-06-94; ym01 09-13-94 to ASCD; jc02 09-14-94; jc03 09-16-94; bk recd je00 11-24-95; CIP ver. je83 02-16-96
991    @bc-GenColl@hQM23.2@i.M673 1996@p00055132434@tCopy 1@wBOOKS
    
    Essential clinical anatomy / / Keith L. Moore, Anne M.R. Agur.-Baltimore : : Williams & Wilkins, , c1995.
    510 p. : : ill. (some col.) ; ; 26 cm.
    Compilation of material extracted from Clinically oriented anatomy / Keith L. Moore. 3rd ed. and Grant’s atlas of anatomy / Anne M.R. Agur. 9th ed.-Includes bibliographical references and index.
    
    ISBN 0683061283.
    
●
相关链接 在E读中查询图书 在五车中查询图书 在当当中查询图书 在豆瓣中查询图书


正题名:Essential clinical anatomy     索取号:R324/x21         预约/预借

序号 登录号 条形码 馆藏地/架位号 状态 备注
1 5533   300055339   第二样本阅览室/ [索取号:R324/x21] 在馆    
2 5534   300055348   第四借阅区/ [索取号:R324/x21] 在馆    
3 5535   300055357   第四借阅区/ [索取号:R324/x21] 在馆    
4 5536   300055366   第四借阅区/ [索取号:R324/x21] 在馆    
唐山师范学院图书馆 欢迎您!
大连网信软件有限公司© 版权所有